| 000 | 00495pam a2200181 a 4500 | ||
|---|---|---|---|
| 020 | _a0256115656 (acidfree recycled paper) | ||
| 040 | _cDLC | ||
| 082 | 0 | 0 | _a808 LRI 1995 A092 Or. |
| 100 | 1 | _aLesikar, Raymond Vincent. | |
| 245 | 1 | 0 | _aReport writing for business / |
| 250 | _a9th ed. | ||
| 260 |
_aChicago : _bIrwin, _cc1995. |
||
| 300 |
_axx, 441 p. : _bill., maps ; _c24 cm. |
||
| 500 | _aIncludes index. | ||
| 650 | 0 | _aBusiness report writing. | |
| 700 | 1 | _aPettit, John D. | |
| 942 | _cEK | ||
| 999 |
_c11685 _d11685 |
||